Reeds Vol 5: Ship Construction for Marine Engineers / (Record no. 32214)

000 -LEADER
fixed length control field 00635 a2200217 4500
003 - CONTROL NUMBER IDENTIFIER
control field OSt
005 - DATE AND TIME OF LATEST TRANSACTION
control field 20260402163055.0
008 - FIXED-LENGTH DATA ELEMENTS--GENERAL INFORMATION
fixed length control field 260402b ||||| |||| 00| 0 eng d
020 ## - INTERNATIONAL STANDARD BOOK NUMBER
International Standard Book Number 9781472989208
040 ## - CATALOGING SOURCE
Transcribing agency .
082 ## - DEWEY DECIMAL CLASSIFICATION NUMBER
Classification number 623.82
Item number R9611
100 ## - MAIN ENTRY--PERSONAL NAME
9 (RLIN) 1537
Personal name Russell, Paul A.
245 ## - TITLE STATEMENT
Title Reeds Vol 5: Ship Construction for Marine Engineers /
Statement of responsibility, etc. Paul A. Russell
250 ## - EDITION STATEMENT
Edition statement 7th ed.
260 ## - PUBLICATION, DISTRIBUTION, ETC.
Name of publisher, distributor, etc. Bloomsbury Publishing India Pvt. Ltd,
Place of publication, distribution, etc. London :
Date of publication, distribution, etc. 2022.
300 ## - PHYSICAL DESCRIPTION
Extent 243 p.
440 ## - SERIES STATEMENT/ADDED ENTRY--TITLE
Title Reeds Marine Engineering and Technology
9 (RLIN) 6735
650 #0 - SUBJECT ADDED ENTRY--TOPICAL TERM
9 (RLIN) 2
Topical term or geographic name entry element Marine Engineering
700 ## - ADDED ENTRY--PERSONAL NAME
9 (RLIN) 693
Personal name Stokoe, E. A.
942 ## - ADDED ENTRY ELEMENTS (KOHA)
Source of classification or shelving scheme
Koha item type Books
Holdings
Withdrawn status Lost status Source of classification or shelving scheme Damaged status Not for loan Collection code Permanent Location Current Location Shelving location Date acquired Source of acquisition Cost, normal purchase price Full call number Barcode Date last seen Cost, replacement price Price effective from Koha item type
          Non-fiction IMU Kolkata IMU Kolkata Reference 2026-04-06 5 1101.42 623.82 R9611 15201 2026-04-06 1899.00 2026-04-06 Books
          Non-fiction IMU Kolkata IMU Kolkata   2026-04-06 5 1101.42 623.82 R9611 15202 2026-04-06 1899.00 2026-04-06 Books
          Non-fiction IMU Kolkata IMU Kolkata   2026-04-06 5 1101.42 623.82 R9611 15203 2026-04-06 1899.00 2026-04-06 Books
          Non-fiction IMU Kolkata IMU Kolkata   2026-04-06 5 1101.42 623.82 R9611 15204 2026-04-06 1899.00 2026-04-06 Books
          Non-fiction IMU Kolkata IMU Kolkata   2026-04-06 5 1101.42 623.82 R9611 15205 2026-04-06 1899.00 2026-04-06 Books
          Non-fiction IMU Kolkata IMU Kolkata   2026-04-06 5 1101.42 623.82 R9611 15206 2026-04-06 1899.00 2026-04-06 Books
Designed and Maintained by IMU-KC Library, Kolkata Campus © Copyright All Rights Reserved

webs counters

Powered by Koha